000 00864nam a2200265Ia 4500
003 OSt
005 20220930072529.0
006 a|||||r|||| 00| 0
007 ta
008 220926b |||||||| |||| 00| 0 eng d
024 _a24533
037 _cTheses
040 _aCRL
_cCRL
_beng
041 _2eng
_aeng
100 _aMahajan Deepak
_9529968
110 _aUniversity of Delhi. Faculty of Medical Sciences. Department of Surgery
245 0 _aOccurrence of fungi and their role in relation to clinical profile in patients with intraabdominal sepsis
260 _c1997
300 _a91p.
_ap.
_ccm.
650 _aSURGERY
700 _a Dr V R Minocha Supervisor
_9529969
700 _aUniversity of Delhi. Faculty of Medical Sciences. Department of Surgery
942 _cDIS
_2CC
999 _c864008
_d864008